Statistiken für Liedtext - Ich hasse Kinder - Till Lindemann

Klicken Sie hier um das Quiz zu spielen!

Allgemein

  • Dieses Quiz wurde 71 mal gespielt
  • Das Durchschnittsergebnis liegt bei 177 aus 265

Antwortstatistiken

Textquiz% Korrekt
ich
100%
Ich
100%
hasse
98%
Kind
97%
Kinder
95%
sie
90%
Da
84%
es
84%
Es
84%
die
80%
Die
80%
der
75%
Der
75%
Und
74%
und
74%
liebe
72%
Ein
70%
ein
70%
das
69%
in
69%
Kann
69%
kann
69%
muss
69%
sein
69%
Ja
67%
man
67%
bin
66%
meine
66%
nicht
66%
Doch
64%
müssen
64%
Nein
64%
an
62%
schrei'n
62%
wie
62%
Alle
61%
groß
61%
klein
61%
mich
61%
will
61%
großen
59%
Großen
59%
Kleinen
59%
aller
57%
hör'
57%
zu
57%
einen
56%
mir
56%
sollten
56%
Darf
54%
hassen
54%
dem
52%
fängt
52%
Frage
52%
schlagen
52%
auf
51%
aus
51%
wieder
51%
Flugzeug
49%
Fragen
49%
hier
49%
Hier
49%
nach
49%
steige
49%
Mutter
48%
schlafen
46%
hin
44%
Immer
44%
Kleinkind
44%
Kummer
44%
neben
44%
nun
44%
Sitzplatznummer
44%
sitzt
44%
Vater
44%
wird
44%
Apfel
43%
dabei
43%
Hand
43%
her
43%
isst
43%
Klassen
43%
Streck'
43%
ganz
41%
gleich
41%
jetzt
41%
schläft
41%
still
41%
blättert
39%
Gewissheit
39%
Hört
39%
kenne
39%
kommt
39%
Magazin
39%
plötzlich
39%
reitet
39%
Angst
38%
Herrgott
38%
Stein
38%
strafen
38%
zum
38%
kalt
36%
näher'
36%
lauter
34%
Nervensäge
34%
Panik
34%
verzückt
34%
Geschreie
33%
längst
33%
liest
33%
Schreihals
33%
stumm
33%
Spricht
31%
während
31%
turnt
30%
weicht
30%
Klagereihe
26%
überhaupt
26%
lacht
25%

Verteilung der Resultate

Perzentil nach korrekt beantworteten Fragen

Anzahl Personen mit jedem Resultat

Ihre Resultats-Entwicklung

Sie haben dieses Quiz noch nicht gespielt